| 000 | 00656cam a2200205 a 4500 | ||
|---|---|---|---|
| 001 | 000005626 | ||
| 005 | 20200929151727.0 | ||
| 008 | 761112s2001 sp b 001 0 spa | ||
| 020 | _a9788495787477 | ||
| 040 |
_aDO-SdBNP _bspa _cBNPHU |
||
| 082 |
_axxxx _bxxxx |
||
| 100 | 1 |
_aStephen C. Lundin, _d1941- _915877 |
|
| 245 | 1 | 3 |
_aFish ! / _cLundin Stephen C. , Harry Paul, John Christensen ; traducción Mila Martínez Giner. |
| 250 | _a14a ed. | ||
| 260 |
_aBarcelona, España : _bEmpresa Activa, _c2001. |
||
| 300 |
_a124 p. ; _c22 cm. |
||
| 700 | 1 |
_aPaul, Harry _915878 |
|
| 700 | 1 |
_aChristensen, John _915879 |
|
| 700 | 1 |
_aMartínez Giner, Mila, _etr. _915880 |
|
| 999 |
_c5425 _d5425 |
||